00595 2200229 4500001002100000005001500021035002000036245007200056100002000128250000600148300003500154260003700189082001000226084001600236020001800252650001000270990001700280990001700297990001700314990001700331990001700348INLIS00000000000066320190124041742 a0010-01190001191 aJambu Mete :bTeknik Budi Daya dan Pengolahannya /cIr. Budi Samadi0 aIr. Budi Samadi a- avi, 57 hlm. :bilus. ;c21 cm. aSemarang :bCV Aneka Ilmu,c2010 a634.4 a634.4 BUD j a979-736-657-X aJambu a02490/P/2018 a02491/P/2018 a02492/P/2018 a02493/P/2018 a02494/P/2018